Black Jack : the life and times of John J. Pershing /

Saved in:
Bibliografiske detaljer
Hovedforfatter: Vandiver, Frank Everson, 1925-
Format: Bog
Sprog:English
Udgivet: College Station : Texas A&M University Press, c1977.
Udgivelse:1st ed.
Fag:
LEADER 01271nam a2200301 i 4500
001 c000236668
003 CARM
005 00000000000000.0
008 840301s1977 txu 0 eng d
019 1 |a 776817  |5 LACONCORD2021 
020 |a 0890960240 
035 |a (OCoLC)2645933  |5 LACONCORD2021 
082 0 4 |a 355.3/31/0924  |a B 
100 1 |a Vandiver, Frank Everson,  |d 1925- 
245 1 0 |a Black Jack :  |b the life and times of John J. Pershing /  |c by Frank E. Vandiver. 
250 |a 1st ed. 
260 |a College Station :  |b Texas A&M University Press,  |c c1977. 
300 |a 2 v. (xxii, 1178 p., [17] leaves of plates) :  |b ill. ;  |c 24 cm. 
500 |a Includes index. 
504 |a Bibliography: p. [1099]-1122. 
600 1 0 |a Pershing, John J.  |q (John Joseph),  |d 1860-1948. 
610 1 0 |a United States.  |b Army  |x Biography. 
650 0 |a Generals  |z United States  |x Biography. 
852 8 |b CARM  |h A1:AP19E0  |i C09228  |p 0362920  |f BK 
852 8 |b CARM  |h A1:AP19E0  |i C09228  |p 0362921  |f BK 
999 f f |i 92c63003-0b5a-500e-b04a-8b7c6610e7aa  |s fcd83004-8243-52e2-a7c9-8ddec548c84e 
952 f f |p Can circulate  |a CAVAL  |b CAVAL  |c CAVAL  |d CARM 1 Store  |e C09228  |f A1:AP19E0  |h Other scheme  |i book  |m 0362921 
952 f f |p Can circulate  |a CAVAL  |b CAVAL  |c CAVAL  |d CARM 1 Store  |e C09228  |f A1:AP19E0  |h Other scheme  |i book  |m 0362920